[Event "HUN Youth Ch U 8 Girls Final"]
[Site "?"]
[Date "2013.06.28"]
[Round "10.4"]
[White "Hegedus, Luca"]
[Black "Karacsonyi, Kata"]
[Result "1-0"]
[WhiteElo "1172"]
[BlackElo "1309"]
[PlyCount "191"]
[EventDate "2013.??.??"]

1. e4 e5 2. Nf3 Nc6 3. d4 exd4 4. Nxd4 Nf6 5. Nxc6 bxc6 6. e5 Nd5 7. c4 Nb6 8.
b3 g6 9. Bb2 Bg7 10. Nd2 O-O 11. Nf3 d5 12. Be2 Re8 13. O-O Bg4 14. Re1 dxc4
15. Qxd8 Raxd8 16. bxc4 Bxf3 17. Bxf3 Nxc4 18. Rab1 Bxe5 19. Bxc6 Re6 20. Bxe5
Rxc6 21. Bg3 f5 22. Bh4 Rf8 23. Rec1 Re8 24. h3 Nd2 25. Rxc6 Nxb1 26. Rxc7 h6
27. f3 a5 28. Ra7 Re5 29. Ra8+ Kf7 30. Ra7+ Ke8 31. Ra8+ Kd7 32. Ra7+ Kc8 33.
Bg3 Rc5 34. Ra8+ Kd7 35. Ra7+ Ke6 36. Ra6+ Kf7 37. Ra7+ Kf6 38. Ra6+ Kg5 39.
f4+ Kh5 40. Bf2 Rc1+ 41. Kh2 Rc2 42. Be1 Rxa2 43. Rxa5 Re2 44. Bg3 Nd2 45. Ra1
g5 46. Kh1 Ne4 47. Bh2 g4 48. hxg4+ Kxg4 49. Ra3 h5 50. Ra6 Re1+ 51. Bg1 Kxf4
52. Kh2 Kg5 53. Bb6 Nf6 54. Bd8 Kf4 55. Bxf6 Re4 56. g3+ Kf3 57. Ra3+ Kg4 58.
Rd3 Ra4 59. Kg2 Ra2+ 60. Kf1 Ra1+ 61. Bxa1 h4 62. gxh4 Kxh4 63. Bf6+ Kg4 64.
Rd4+ f4 65. Be5 Kh3 66. Rxf4 Kg3 67. Rf8+ Kg4 68. Kg2 Kg5 69. Kg3 Kh5 70. Rf1
Kg5 71. Bf6+ Kh5 72. Kh3 Kh6 73. Be5 Kg5 74. Kg3 Kh5 75. Rf4 Kg5 76. Bf6+ Kh5
77. Rh4+ Kg6 78. Bd8 Kf5 79. Rg4 Ke5 80. Rf4 Ke6 81. Kg4 Ke5 82. Kg5 Ke6 83.
Rf5 Kd7 84. Ba5 Ke6 85. Kf4 Kd6 86. Re5 Kc6 87. Ke4 Kd6 88. Kd4 Kc6 89. Rd5 Kb7
90. Rc5 Ka7 91. Rc6 Kb7 92. Kc5 Ka7 93. Rb6 Ka8 94. Kc6 Ka7 95. Kc7 Ka8 96.
Ra6# 1-0

[Event "HUN Youth Ch U12 Girls Final"]
[Site "?"]
[Date "2013.06.28"]
[Round "8.1"]
[White "Kiss, Rebeka"]
[Black "Erseki, Tamara"]
[Result "1/2-1/2"]
[WhiteElo "1512"]
[BlackElo "1632"]
[PlyCount "77"]
[EventDate "2013.??.??"]

1. e4 c5 2. Nf3 d6 3. d4 cxd4 4. Nxd4 Nf6 5. Nc3 g6 6. Be3 Bg7 7. f3 O-O 8. Qd2
Nc6 9. O-O-O Nxd4 10. Bxd4 Be6 11. Kb1 Rc8 12. g4 a6 13. h4 b5 14. a3 Qd7 15.
Be2 Rfd8 16. h5 Rb8 17. h6 Bh8 18. g5 Ne8 19. Bxh8 Kxh8 20. Qd4+ Kg8 21. Nd5 a5
22. b3 a4 23. b4 Bxd5 24. Qxd5 Nc7 25. Qd4 e5 26. Qe3 Ne6 27. Rd2 Qe7 28. Rc1
Nd4 29. Rcd1 Qe6 30. Rxd4 exd4 31. Qxd4 Qe5 32. Qxe5 dxe5 33. Rxd8+ Rxd8 34.
Bxb5 Kf8 35. Kc1 Ke7 36. Bxa4 Ra8 37. Bb5 Rxa3 38. Be2 Kd6 39. Kd2 1/2-1/2

[Event "HUN Youth Ch U12 Girls Final"]
[Site "?"]
[Date "2013.06.28"]
[Round "8.2"]
[White "Lengyel, Andrea"]
[Black "Terjek, Agota"]
[Result "1-0"]
[WhiteElo "1713"]
[BlackElo "1314"]
[PlyCount "41"]
[EventDate "2013.??.??"]

1. d4 Nf6 2. c4 e6 3. Nc3 d5 4. Nf3 c6 5. e3 Qa5 6. Bd2 Qc7 7. Bd3 Nbd7 8. Rc1
b6 9. cxd5 exd5 10. O-O Bd6 11. Nb5 Qb8 12. Rxc6 Bb7 13. Nxd6+ Kf8 14. Nxb7
Qxb7 15. Rc2 g6 16. Bb4+ Kg7 17. Qc1 Rac8 18. Rxc8 Rxc8 19. Qd2 a5 20. Bc3 h5
21. Ne5 1-0

[Event "HUN Youth Ch U12 Girls Final"]
[Site "?"]
[Date "2013.06.28"]
[Round "8.3"]
[White "Kocsis, Anett"]
[Black "Mayer, Boglarka"]
[Result "1-0"]
[WhiteElo "1644"]
[BlackElo "1392"]
[PlyCount "121"]
[EventDate "2013.??.??"]

1. e4 e6 2. d4 d5 3. Nd2 a6 4. Ngf3 Nf6 5. e5 Nfd7 6. Ng1 c5 7. c3 Nc6 8. Ne2
Be7 9. Nf3 O-O 10. Nf4 Nb6 11. Be3 cxd4 12. cxd4 f6 13. exf6 Bxf6 14. Bd3 e5
15. dxe5 Nxe5 16. Bxb6 Qxb6 17. Nxd5 Nxf3+ 18. Qxf3 Qxb2 19. O-O Qe5 20. Nxf6+
Qxf6 21. Qxf6 Rxf6 22. Be4 Rb8 23. Rab1 b5 24. Rb2 Be6 25. f3 Bc4 26. Rfb1 a5
27. Bc2 b4 28. Bb3 Bxb3 29. Rxb3 Rd6 30. a3 Rd4 31. axb4 Rdxb4 32. Rxb4 Rxb4
33. Ra1 a4 34. Kf1 Kf7 35. Ke1 Ke6 36. Kd1 Kd5 37. Kc2 Kc4 38. Ra3 Kb5 39. h3
Rc4+ 40. Kd3 Kb4 41. Rxa4+ Kxa4 42. Kxc4 Ka5 43. g4 Kb6 44. Kd5 Kc7 45. Ke6 Kd8
46. Kf7 g5 47. Kf6 h6 48. Kg6 Ke7 49. Kxh6 Kf6 50. Kh5 Kf7 51. Kxg5 Kg7 52. f4
Kf7 53. Kh6 Kg8 54. f5 Kf7 55. Kh7 Kf6 56. h4 Kf7 57. g5 Kf8 58. g6 Ke7 59. g7
Kf6 60. g8=Q Kxf5 61. Qg5+ 1-0

[Event "HUN Youth Ch U12 Girls Final"]
[Site "?"]
[Date "2013.06.28"]
[Round "8.4"]
[White "Kovacs, Judit"]
[Black "Laszlo, Dalma"]
[Result "1-0"]
[WhiteElo "1669"]
[BlackElo "1345"]
[PlyCount "67"]
[EventDate "2013.??.??"]

1. Nf3 d5 2. g3 e6 3. Bg2 f5 4. c4 Nf6 5. d4 c6 6. Nc3 Bd6 7. c5 Bc7 8. O-O O-O
9. b4 h6 10. a4 Kh7 11. b5 g5 12. Qd2 Ne4 13. Nxe4 fxe4 14. Ne1 h5 15. Qxg5
Qxg5 16. Bxg5 Rg8 17. h4 e5 18. e3 exd4 19. exd4 cxb5 20. axb5 Bg4 21. Nc2 Be2
22. Rfb1 Bd3 23. Rb2 Bxc2 24. b6 Bd8 25. Rxa7 Nc6 26. Rxa8 Bxg5 27. Rxg8 Kxg8
28. Rxc2 Nxd4 29. Ra2 Be7 30. Ra7 Bxc5 31. Rxb7 Nb5 32. Rb8+ Kg7 33. b7 Ba7 34.
Ra8 1-0

[Event "HUN Youth Ch U14 Girls Final"]
[Site "?"]
[Date "2013.06.28"]
[Round "8.1"]
[White "Szakasics, Emese"]
[Black "Giczi, Alexandra Laura"]
[Result "1-0"]
[WhiteElo "1655"]
[BlackElo "1452"]
[PlyCount "83"]
[EventDate "2013.??.??"]

1. e4 e6 2. d4 d5 3. Nd2 Nf6 4. e5 Nfd7 5. Bd3 c5 6. c3 Nc6 7. Ne2 Be7 8. Nf3
a6 9. O-O O-O 10. Nf4 Qc7 11. a3 b5 12. Bd2 Nb6 13. Qc2 g6 14. g3 Re8 15. h4
Bf8 16. h5 Ne7 17. dxc5 Qxc5 18. Be3 Qc7 19. g4 Nc4 20. Bd4 Bg7 21. Rae1 Rf8
22. g5 h6 23. Kg2 Qd8 24. Bc5 Bb7 25. hxg6 d4 26. gxf7+ Rxf7 27. Bh7+ Kh8 28.
Bxe7 d3 29. Bxd3 Bxf3+ 30. Kg3 Qc7 31. Bxc4 Qxc4 32. Bf6 Kg8 33. Kxf3 hxg5 34.
Nh5 Bxf6 35. Nxf6+ Kf8 36. Qe4 Qxe4+ 37. Kxe4 Rd8 38. Rd1 Rb8 39. Rd6 a5 40.
Nd7+ Ke8 41. Nxb8 Rf4+ 42. Ke3 1-0

[Event "HUN Youth Ch U14 Girls Final"]
[Site "?"]
[Date "2013.06.28"]
[Round "8.2"]
[White "Kurcsics, Erika"]
[Black "Vanczak, Virag"]
[Result "0-1"]
[WhiteElo "1743"]
[BlackElo "1385"]
[PlyCount "54"]
[EventDate "2013.??.??"]

1. c4 Nf6 2. Nc3 c5 3. g3 d6 4. Bg2 a6 5. Nf3 e6 6. d4 cxd4 7. Nxd4 Qc7 8. Qd3
Be7 9. O-O Nbd7 10. b3 Rb8 11. Rd1 b6 12. Nc6 Ne5 13. Nxe5 dxe5 14. h3 Bb7 15.
Bxb7 Qxb7 16. Bb2 Rd8 17. Qe3 Nd7 18. Ne4 O-O 19. Rd3 f5 20. Nc3 Bc5 21. Qc1 e4
22. Rd1 Qc7 23. Ba3 Qxg3+ 24. Kh1 Qxh3+ 25. Kg1 Bxa3 26. Qxa3 Rf6 27. f3 e3 0-1

[Event "HUN Youth Ch U14 Girls Final"]
[Site "?"]
[Date "2013.06.28"]
[Round "8.3"]
[White "Nemeth, Noemi Anna"]
[Black "Szucs, Edina"]
[Result "1/2-1/2"]
[WhiteElo "1444"]
[BlackElo "1445"]
[PlyCount "47"]
[EventDate "2013.??.??"]

1. e4 c5 2. Nf3 a6 3. d4 cxd4 4. Nxd4 e5 5. Nf3 Nf6 6. Bg5 d6 7. Nc3 Nbd7 8.
Bc4 Qc7 9. Bb3 Qc6 10. Ba4 b5 11. Bb3 Bb7 12. Bd5 Qc7 13. Bxb7 Qxb7 14. Bxf6
Nxf6 15. Qd3 Be7 16. Rd1 Rc8 17. Rd2 Nd7 18. Nd5 Nc5 19. Qe3 O-O 20. Nxe7+ Qxe7
21. O-O Rfd8 22. Rfd1 Qe6 23. b3 Qg6 24. Re2 1/2-1/2

[Event "HUN Youth Ch U14 Girls Final"]
[Site "?"]
[Date "2013.06.28"]
[Round "8.4"]
[White "Koltai, Anna"]
[Black "Szuhai, Beata Barbara"]
[Result "1/2-1/2"]
[WhiteElo "1579"]
[BlackElo "1529"]
[PlyCount "28"]
[EventDate "2013.??.??"]

1. e4 e6 2. d4 d5 3. e5 c5 4. Nf3 Nc6 5. Bd3 cxd4 6. O-O Nge7 7. Bf4 Ng6 8. Bg3
f6 9. exf6 Qxf6 10. a3 e5 11. Re1 e4 12. Bb5 Bd7 13. Bxc6 bxc6 14. Nxd4 Be7
1/2-1/2

[Event "HUN Youth Ch U14 Girls Final"]
[Site "?"]
[Date "2013.06.28"]
[Round "8.5"]
[White "Kassay, Lilla"]
[Black "Simon, Lili"]
[Result "1-0"]
[WhiteElo "1741"]
[BlackElo "1853"]
[PlyCount "67"]
[EventDate "2013.??.??"]

1. e4 e5 2. Nf3 Nc6 3. Bc4 Bc5 4. O-O Nf6 5. d4 Bxd4 6. Nxd4 Nxd4 7. f4 d6 8.
fxe5 dxe5 9. Bg5 Be6 10. Na3 h6 11. Bxf6 gxf6 12. c3 Bxc4 13. Nxc4 Nc6 14. Qf3
Qe7 15. Rad1 Rd8 16. Ne3 Rxd1 17. Rxd1 Qc5 18. Kh1 Ne7 19. Qxf6 Rg8 20. Nf5 Rg6
21. Ng7+ Rxg7 22. Qxg7 Ng6 23. Qxh6 b5 24. Qg5 Qe7 25. Qxe7+ Kxe7 26. g3 a6 27.
h4 Nf8 28. Kg2 Nh7 29. Kf3 Ke6 30. Rd8 a5 31. Ra8 a4 32. g4 Ke7 33. g5 Ke6 34.
Rh8 1-0

[Event "HUN Youth Ch U16 Girls Final"]
[Site "?"]
[Date "2013.06.28"]
[Round "8.1"]
[White "Haszon, Kamilla Sara"]
[Black "Gombos, Bettina"]
[Result "0-1"]
[WhiteElo "1916"]
[BlackElo "1979"]
[PlyCount "106"]
[EventDate "2013.??.??"]

1. e4 c5 2. Nf3 e6 3. d4 cxd4 4. Nxd4 Nf6 5. Nc3 Bb4 6. Bd3 e5 7. Nde2 O-O 8.
Bg5 Be7 9. Qd2 a6 10. f3 b5 11. h4 d6 12. g4 Be6 13. Ng3 Nc6 14. O-O-O Nd4 15.
Qe3 Qa5 16. Bxf6 Bxf6 17. g5 Bd8 18. Kb1 Bb6 19. Nd5 Bc5 20. g6 h6 21. Qf2 fxg6
22. Qg2 Nxf3 23. Ne2 Kh7 24. Ng1 Nxg1 25. Rhxg1 Bxg1 26. Rxg1 Bf7 27. Be2 Qd8
28. Bh5 Qxh4 29. Bxg6+ Kh8 30. Bf5 Rg8 31. Rh1 Qd8 32. Qd2 Qf8 33. Ne7 Ra7 34.
Nxg8 Bxg8 35. b3 Rf7 36. Qa5 Qa8 37. Rd1 Rf6 38. Qc7 Qf8 39. Bh3 Bh7 40. Qc6
Rf2 41. Bc8 Qf3 42. Qe8+ Bg8 43. Re1 a5 44. Qxb5 Qc3 45. Rc1 Qxc8 46. Qxa5 Qc6
47. Qb4 Re2 48. Qb8 Rxe4 49. a4 Re2 50. a5 Kh7 51. Qa7 Bxb3 52. cxb3 Qe4+ 53.
Ka1 Qb4 0-1

[Event "HUN Youth Ch U16 Girls Final"]
[Site "?"]
[Date "2013.06.28"]
[Round "8.2"]
[White "Miseta, Nora"]
[Black "Terbe, Julianna"]
[Result "0-1"]
[WhiteElo "1619"]
[BlackElo "1928"]
[PlyCount "50"]
[EventDate "2013.??.??"]

1. e4 c5 2. Nf3 d6 3. d4 Nf6 4. Nc3 cxd4 5. Nxd4 g6 6. h3 Bg7 7. Be3 Nc6 8. Qd2
Bd7 9. Be2 Rc8 10. f4 a6 11. Bf3 b5 12. a3 Na5 13. Be2 Nc4 14. Bxc4 Rxc4 15.
Rd1 O-O 16. b3 Rc8 17. Nde2 Bc6 18. Ng3 Qc7 19. Qd3 Bb7 20. Bd2 Rfd8 21. Nge2
d5 22. exd5 Nxd5 23. Nxd5 Bxd5 24. Qg3 Qxc2 25. b4 Bb3 0-1

[Event "HUN Youth Ch U16 Girls Final"]
[Site "?"]
[Date "2013.06.28"]
[Round "8.3"]
[White "Fekete, Agnes"]
[Black "Arvai, Eszter"]
[Result "0-1"]
[WhiteElo "1701"]
[BlackElo "1889"]
[PlyCount "126"]
[EventDate "2013.??.??"]

1. d4 g6 2. Nf3 Bg7 3. g3 d5 4. Bg2 Nf6 5. O-O O-O 6. Nc3 c6 7. Bf4 Nh5 8. Bd2
Nd7 9. Qc1 Re8 10. Bh6 Bh8 11. e4 dxe4 12. Nxe4 Ng7 13. Qf4 Nf5 14. Rad1 Nf8
15. Ne5 Ne6 16. Qd2 Qxd4 17. Nd3 Nxh6 18. Qxh6 Bg7 19. Qc1 Qb6 20. c3 Nc7 21.
c4 Bf5 22. b4 Ne6 23. a4 a5 24. c5 Qa6 25. bxa5 Qxa5 26. Nf4 Nxf4 27. Qxf4 Qxa4
28. Rb1 Qa7 29. Qc7 Qa4 30. Rfe1 Qc2 31. Rxb7 Ra2 32. Qf4 Bxe4 33. Bxe4 Qxc5
34. Rc1 Qh5 35. Bf3 Qh3 36. Bg4 Qh6 37. Qxh6 Bxh6 38. Rxc6 Bg7 39. Rcc7 Bf6 40.
Kg2 Rea8 41. Rc8+ Rxc8 42. Bxc8 e6 43. Rb3 Bd4 44. Rf3 Kg7 45. Bb7 f5 46. h4 e5
47. Bc8 e4 48. Rb3 Rxf2+ 49. Kh3 e3 50. Rb7+ Kf6 51. g4 f4 52. g5+ Ke5 53. Re7+
Kd6 54. Rd7+ Kc5 55. Ba6 e2 56. Bxe2 Rxe2 57. Kg4 Be3 58. Rxh7 Rg2+ 59. Kf3 Rh2
60. Rh6 Kd5 61. Kg4 Rg2+ 62. Kh3 Rg3+ 63. Kh2 Bg1+ 0-1

[Event "HUN Youth Ch U16 Girls Final"]
[Site "?"]
[Date "2013.06.28"]
[Round "8.4"]
[White "Werner, Anna"]
[Black "Terbe, Zsuzsanna"]
[Result "1/2-1/2"]
[WhiteElo "1871"]
[BlackElo "1866"]
[PlyCount "46"]
[EventDate "2013.??.??"]

1. d4 c5 2. d5 e5 3. c4 d6 4. Nc3 g6 5. e4 Bg7 6. Bd3 Ne7 7. Be3 O-O 8. Nge2 f5
9. f3 Na6 10. Qd2 f4 11. Bf2 Nc7 12. a3 a6 13. b4 b6 14. Na4 Ne8 15. bxc5 bxc5
16. Rb1 Nf6 17. O-O g5 18. Nb6 Rb8 19. Nxc8 Qxc8 20. Rxb8 Qxb8 21. Rb1 Qc7 22.
Nc3 Rb8 23. Qc2 Nc8 1/2-1/2